<?xml version="1.0" encoding="UTF-8"?>
<record
    xmlns:xsi="http://www.w3.org/2001/XMLSchema-instance"
    xsi:schemaLocation="http://www.loc.gov/MARC21/slim http://www.loc.gov/standards/marcxml/schema/MARC21slim.xsd"
    xmlns="http://www.loc.gov/MARC21/slim">

  <leader>03276nam a2200433Ii 4500</leader>
  <controlfield tag="001">DIGIBE0210</controlfield>
  <controlfield tag="003">NyNyDIG</controlfield>
  <controlfield tag="006">m     o  d        </controlfield>
  <controlfield tag="007">cr |||||||||||</controlfield>
  <controlfield tag="008">130201s2006    sp a    ob    000 0 spa d</controlfield>
  <datafield tag="020" ind1=" " ind2=" ">
    <subfield code="z">8484892603</subfield>
    <subfield code="q">(Iberoamericana) </subfield>
  </datafield>
  <datafield tag="020" ind1=" " ind2=" ">
    <subfield code="z">9788484892601</subfield>
    <subfield code="q">(Iberoamericana) </subfield>
  </datafield>
  <datafield tag="020" ind1=" " ind2=" ">
    <subfield code="z">3865272827</subfield>
    <subfield code="q">(Vervuert) </subfield>
  </datafield>
  <datafield tag="020" ind1=" " ind2=" ">
    <subfield code="z">9783865272829</subfield>
    <subfield code="q">(Vervuert)</subfield>
  </datafield>
  <datafield tag="035" ind1=" " ind2=" ">
    <subfield code="a">(OCoLC)607481543</subfield>
  </datafield>
  <datafield tag="040" ind1=" " ind2=" ">
    <subfield code="a">DGITA</subfield>
    <subfield code="b">eng</subfield>
    <subfield code="e">pn</subfield>
    <subfield code="c">DGITA</subfield>
  </datafield>
  <datafield tag="043" ind1=" " ind2=" ">
    <subfield code="a">e-sp---</subfield>
  </datafield>
  <datafield tag="050" ind1="1" ind2="4">
    <subfield code="a">DP269 eBook</subfield>
  </datafield>
  <datafield tag="100" ind1="1" ind2=" ">
    <subfield code="a">G&#xF3;mez L&#xF3;pez-Qui&#xF1;ones, Antonio,</subfield>
    <subfield code="d">1973-</subfield>
  </datafield>
  <datafield tag="245" ind1="1" ind2="3">
    <subfield code="a">La guerra persistente :</subfield>
    <subfield code="b">memoria, violencia y utop&#xED;a : representaciones contempor&#xE1;neas de la Guerra Civil Espa&#xF1;ola /</subfield>
    <subfield code="c">Antonio G&#xF3;mez L&#xF3;pez-Qui&#xF1;ones.</subfield>
  </datafield>
  <datafield tag="264" ind1=" " ind2="1">
    <subfield code="a">Madrid :</subfield>
    <subfield code="b">Iberoamericana ;</subfield>
    <subfield code="a">Frankfurt am Main :</subfield>
    <subfield code="b">Vervuert,</subfield>
    <subfield code="c">2006.</subfield>
  </datafield>
  <datafield tag="300" ind1=" " ind2=" ">
    <subfield code="a">1 online resource (306 pages)</subfield>
  </datafield>
  <datafield tag="336" ind1=" " ind2=" ">
    <subfield code="a">text</subfield>
    <subfield code="b">txt</subfield>
    <subfield code="2">rdacontent</subfield>
  </datafield>
  <datafield tag="337" ind1=" " ind2=" ">
    <subfield code="a">computer</subfield>
    <subfield code="b">c</subfield>
    <subfield code="2">rdamedia</subfield>
  </datafield>
  <datafield tag="338" ind1=" " ind2=" ">
    <subfield code="a">online resource</subfield>
    <subfield code="b">cr</subfield>
    <subfield code="2">rdacarrier</subfield>
  </datafield>
  <datafield tag="490" ind1="1" ind2=" ">
    <subfield code="a">La casa de la riqueza. Estudios de cultura de Espa&#xF1;a ;</subfield>
    <subfield code="v">10.</subfield>
  </datafield>
  <datafield tag="504" ind1=" " ind2=" ">
    <subfield code="a">Includes bibliographical references.</subfield>
  </datafield>
  <datafield tag="505" ind1="0" ind2=" ">
    <subfield code="a">Parte 1. La guerra extraviada: historia y memoria como problemas epistemol&#xF3;gicos:  -- 1. Introducci&#xF3;n -- 2. El nombre que ahora digo: la Historia transparente  -- 3. Las guerras de Etruria: la Historia y el problema de su transmisi&#xF3;n -- 4. Soldados de Salamina: el valor del testimonio y la ret&#xF3;rica de la anti-literariedad -- 5. El l&#xE1;piz del carpintero: cambios en la hegemon&#xED;a de la memoria -- 6. Los problemas de filiaci&#xF3;n hist&#xF3;rica en La sangre ajena -- 7. Tu rostro ma&#xF1;ana. Fiebre y lanza: la adivinanza del pasado desde un presente mentiroso -- 8. Conclusiones del cap&#xED;tulo -- Parte 2. La representaci&#xF3;n de la violencia: sentidos y discursos des/legitimadores: 1. Introducci&#xF3;n -- 2. La hija del can&#xED;bal y el ocaso de la violencia heroica -- 3. Maquis y los discursos de la violencia en una comunidad en guerra -- 4. Guerras justas y guerras injustas: violencia y redenci&#xF3;n en Carta blanca -- 5. Fantasmagor&#xED;a y violencia en El espinazo del diablo -- 6. Extranjeros de s&#xED; mismos: el g&#xE9;nero documental y la violencia de la Guerra Civil espa&#xF1;ola -- 7. Conclusiones del cap&#xED;tulo  -- Parte 3. La utop&#xED;a retrospectiva: la segunda rep&#xFA;blica o la nostalgia por un pasado mejor: 1. Introducci&#xF3;n -- 2. La voz dormida: el personaje como utop&#xED;a pol&#xED;tica y literaria -- 3. La infancia como utop&#xED;a pol&#xED;tica: La lengua de las mariposas y El viaje de Carol -- 4. Utop&#xED;a y naturaleza en Silencio roto -- 5. La utop&#xED;a cultural en Los colores de la guerra y La hora de los valientes -- 6. Conclusiones del cap&#xED;tulo -- Obras citadas.</subfield>
  </datafield>
  <datafield tag="651" ind1=" " ind2="0">
    <subfield code="a">Spain</subfield>
    <subfield code="x">History</subfield>
    <subfield code="y">Civil War, 1936-1939.</subfield>
  </datafield>
  <datafield tag="651" ind1=" " ind2="0">
    <subfield code="a">Spain</subfield>
    <subfield code="x">History</subfield>
    <subfield code="y">Civil War, 1936-1939</subfield>
    <subfield code="x">Literature and the war.</subfield>
  </datafield>
  <datafield tag="651" ind1=" " ind2="0">
    <subfield code="a">Spain</subfield>
    <subfield code="x">History</subfield>
    <subfield code="y">Civil War, 1936-1939</subfield>
    <subfield code="x">Motion pictures and the war.</subfield>
  </datafield>
  <datafield tag="655" ind1=" " ind2="0">
    <subfield code="a">Electronic books.</subfield>
  </datafield>
  <datafield tag="791" ind1="2" ind2=" ">
    <subfield code="a">Digitalia (Firm),</subfield>
    <subfield code="e">distributor.</subfield>
  </datafield>
  <datafield tag="830" ind1=" " ind2="0">
    <subfield code="a">Casa de la riqueza.</subfield>
    <subfield code="p">Estudios de cultura de Espa&#xF1;a ;</subfield>
    <subfield code="v">10.</subfield>
  </datafield>
  <datafield tag="793" ind1="0" ind2=" ">
    <subfield code="g">Digitalia eBook Collection:</subfield>
    <subfield code="a">Iberoamericana/Vervuert.</subfield>
  </datafield>
  <datafield tag="856" ind1="4" ind2="0">
    <subfield code="3">Digitalia Hisp&#xE1;nica</subfield>
    <subfield code="u">https://www.digitaliapublishing.com/a/18367/</subfield>
  </datafield>
  <datafield tag="910" ind1=" " ind2=" ">
    <subfield code="a">Premium Collection: 2007-2012</subfield>
  </datafield>
  <datafield tag="942" ind1=" " ind2=" ">
    <subfield code="c">RAA</subfield>
  </datafield>
  <datafield tag="952" ind1=" " ind2=" ">
    <subfield code="0">0</subfield>
    <subfield code="1">0</subfield>
    <subfield code="4">0</subfield>
    <subfield code="7">0</subfield>
    <subfield code="8">DEH</subfield>
    <subfield code="a">BD-UIN</subfield>
    <subfield code="b">BD-UIN</subfield>
    <subfield code="d">2025-04-25</subfield>
    <subfield code="l">0</subfield>
    <subfield code="r">2025-04-25</subfield>
    <subfield code="w">2025-04-25</subfield>
    <subfield code="y">RAA</subfield>
  </datafield>
  <datafield tag="999" ind1=" " ind2=" ">
    <subfield code="c">235821</subfield>
    <subfield code="d">235821</subfield>
  </datafield>
</record>
